000 00979cad a22001935a 4500
001 E150385
008 100707s2010 xxk f 000 0 eng d
035 _a(Sirsi) u150385
041 0 _aeng
110 2 _aGeorge Street Research
_95866
245 0 0 _aPublic attitudes towards estates in Scotland
_breport of quantitative research findings
_h[electronic resource]
260 _aEdinburgh
_bGeorge Street Research
_c2010
520 _aReport prepared for the Scottish Estates Business Group and the Scottish Rural Property and Business Association, which looks at public attitudes to Scottish estates. Suggests strategies which estates can adopt to promote and market their resources and increase public awareness of their activities.
590 _aKA
651 4 _aScotland
_y1999-
690 _aPROPERTY-RURAL AND NATURAL ASSETS
856 4 0 _uhttps://www.sebg.org/news/publications/George%20Street%20report.pdf
_zView the report free of charge at www.sebg.org.uk
942 _n0
999 _c110850
_d110850